00386nam a2200181Ia 4500003000900000008004100009040001300050040001300063041000800076100000900084245004300093250000900136260002100145260000900166300001100175300001200186490000600198IT-RoPAU120407s9999 xx 000 0 und d aIT-RoPAU cIT-RoPAU aita aErma aIl Pastore. A cura di Omero Soffritti. aAlba aEdizioni Paoline c1970 a313 p. c19,5 cm v1